Statistics for South Africa National Rugby Team

Click here to take the quiz!

General Stats

  • This quiz has been taken 71 times
    (28 since last reset)
  • The average score is 10 of 23

Answer Stats

CapsTriesPointsPlayer% Correct
12467335Bryan Habana
89%
119630Eben Etzebeth
85%
697698Handré Pollard
85%
688742Morné Steyn
59%
127735Victor Matfield
56%
931575Willie le Roux
56%
111840John Smit
52%
282312Naas Botha
52%
117210Tendai Mtawarira
48%
8938190Joost van der Westhuizen
44%
4126130Makazole Mapimpi
44%
10225893Percy Montgomery
41%
10927135Jean de Villiers
37%
7232160Jaque Fourie
33%
7024120JP Pietersen
33%
6426130Breyton Paulse
30%
226240Joel Stransky
22%
212221Braam van Straaten
19%
462331Elton Jantjies
19%
132181Jannie de Beer
19%
888135Ruan Pienaar
19%
4720100James Small
15%
4321105Pieter Rossouw
15%

Score Distribution

Percentile by Number Answered

Percent of People with Each Score

Your Score History

You have not taken this quiz since the last reset